000 00715nam a22002297a 4500
003 UA-OsUOA
001 89844
007 ta
008 20121112b un ||||| |||| 00| 0 ukr d
100 _aТян Р.Б.
700 _aЛисенко О.В.
090 _a330(477)
_bТ99
942 _cSA
040 _aUA-OsUOA
_bukr
_cUA-OsUOA
_dUA-OsUOA
245 _aСтруктурний аналіз грошових потоків із метою підвищення надійності їх прогнозування
300 _aС.110
955 _a0
041 _aukr
080 _a330(477)
773 0 _w89828
_tФінанси України
_dК.
_d2012
_g5
650 7 _a330 Економіка взагалі
_2UDC
999 _c376125
_d376125